Lucky Number Elimination - Statistics

General Stats
  • This quiz has been taken 396 times
  • The average score is 9 of 10
Answer Stats
Number Of Answers Answer % Correct
nine 10/9/7/6/5/4/3/2/1
100%
ten 10/9/8/7/6/5/4/3/2/1
100%
seven 9/7/6/5/3/2/1
97%
six 7/6/5/3/2/1
96%
eight 9/7/6/5/4/3/2/1
96%
five 7/6/3/2/1
91%
four 7/3/2/1
89%
three 7/2/1
87%
two 7/1
84%
one 7
74%
No matching quizzes found
Score Distribution
Percent of People with Each Score
Percentile by Number Answered
Your Score History
You have not taken this quiz